Catalog

Record Details

Catalog Search



The short-wave mystery : Hardy boys Cover Image Book Book

The short-wave mystery : Hardy boys/ by Franklin W. Dixon.

Summary:

When thieves hijack a collection of stuffed animals from a country auction, Frank and Joe Hardy pursue the getaway car and are drawn into a thrilling mystery. At the same time, the young detectives' father--famed private investigator Fenton Hardy--is tracking down an industrial spy ring. This suspense-filled story of pursuit and detection will keep the reader breathlessly following the chain of unexpected developments that lead Frank and Joe to the spine-tingling climax in the wilds of Northern Canada.

Record details

  • ISBN: 0448089246
  • ISBN: 9780448089249
  • ISBN: 0448189240
  • ISBN: 9780448189246
  • Physical Description: 176 pages : illustrations ; 20 cm
  • Publisher: New York : Grosset & Dunlap, c1966.

Content descriptions

General Note:
Originally published in 1928.
Formatted Contents Note:
The apeman's warning -- A broken antenna -- Ghost light -- Irate stranger -- Alley escape -- Tip-off note -- Wolf's trail -- A secret treasure -- The tabloid key -- Mysterious cries -- Night alarm -- Dock attack -- A tense search -- Treasure hunt -- Mystery scrambler -- On the beam! -- Window bug -- The shaggy spy -- A wrecked canoe -- The right spots.
Subject: Hardy Boys (Fictitious characters) > Juvenile fiction.
Investigations > Juvenile fiction.
Taxidermy > Juvenile fiction.
Spy stories.
Canada > Juvenile fiction.
Genre: Juvenile works
Classic
Detective and mystery fiction.

Available copies

  • 1 of 1 copy available at scottsboropl.

Holds

  • 0 current holds with 1 total copy.
Show All Copies
Location Call Number / Copy Notes Barcode Shelving Location Status Due Date
scottsboropl JF Dix 32269001286924 Juvenile - Fiction Available -

LDR 01145cam a2200253 a 4500
001122503
003SBPL
00520140703073259.0
008751204s1966 nyu j 000 1 eng u
010 . ‡a 66010288
020 . ‡a0448089246 ‡q(trade ed.)
020 . ‡a9780448089249 ‡q(trade ed.)
020 . ‡a0448189240 ‡q(lib. ed.)
020 . ‡a9780448189246 ‡q(lib. ed.)
033 . ‡a971015 ‡b971015
035 . ‡a(CONS)122503
035 . ‡a(OCoLC)2530236 ‡z(OCoLC)265089922 ‡z(OCoLC)610041585 ‡z(OCoLC)767966500 ‡z(OCoLC)999408476 ‡z(OCoLC)1145747446 ‡z(OCoLC)1272661966 ‡z(OCoLC)1550411149
050 4. ‡aPZ7.D644 ‡bShj 1966
08204. ‡a813/.5/4 ‡aFic
1001 . ‡aDixon, Franklin W. : ‡eauthor
24514. ‡aThe short-wave mystery : ‡bHardy boys/ ‡cby Franklin W. Dixon.
260 . ‡aNew York : ‡bGrosset & Dunlap, ‡cc1966.
300 . ‡a176 pages : ‡billustrations ; ‡c20 cm
336 . ‡atext ‡btxt ‡2rdacontent
337 . ‡aunmediated ‡bn ‡2rdamedia
338 . ‡avolume ‡bnc ‡2rdacarrier
4901 . ‡aHis Hardy boys mystery stories ; ‡vBk 24
500 . ‡aOriginally published in 1928.
5050 . ‡aThe apeman's warning -- A broken antenna -- Ghost light -- Irate stranger -- Alley escape -- Tip-off note -- Wolf's trail -- A secret treasure -- The tabloid key -- Mysterious cries -- Night alarm -- Dock attack -- A tense search -- Treasure hunt -- Mystery scrambler -- On the beam! -- Window bug -- The shaggy spy -- A wrecked canoe -- The right spots.
520 . ‡aWhen thieves hijack a collection of stuffed animals from a country auction, Frank and Joe Hardy pursue the getaway car and are drawn into a thrilling mystery. At the same time, the young detectives' father--famed private investigator Fenton Hardy--is tracking down an industrial spy ring. This suspense-filled story of pursuit and detection will keep the reader breathlessly following the chain of unexpected developments that lead Frank and Joe to the spine-tingling climax in the wilds of Northern Canada.
600 0. ‡aHardy Boys (Fictitious characters) ‡vJuvenile fiction.
650 0. ‡aInvestigations ‡vJuvenile fiction.
650 0. ‡aTaxidermy ‡vJuvenile fiction.
650 0. ‡aSpy stories.
651 0. ‡aCanada ‡vJuvenile fiction.
655 7. ‡aJuvenile works ‡2fast
655 7. ‡aClassic
655 7. ‡aDetective and mystery fiction. ‡2lcgft
8001 . ‡aHardy boys ; ‡vBk 24
901 . ‡a122503 ‡bUnknown ‡c122503 ‡tbiblio

Additional Resources